Statistiques concernant Culture Générale - Série 958

Cliquez ici pour prendre le quiz!

Statistiques générales

  • Ce quiz a été pris 86 fois
  • Le résultat moyen est 3 sur 10

Statistiques - réponses

QuestionRéponse% Correct
Dans quel département français est située la ville thermale de Dax ?Landes
71%
Comment appelle-t-on les habitants chrétiens d'Égypte ?Coptes
68%
Dans quel pays le fleuve "Indus" prend-il sa source ?Chine
43%
De quel pays européen est originaire la danse appelée "csardas" ?Hongrie
34%
Comment appelle-t-on le côté face d'une monnaie ?avers
28%
Comment appelle-t-on un chat qui est retourné à l'état sauvage ou semi-sauvage ?haret
24%
Quel est le nom de l'archange surnommé "L'éclaireur" et dont l'anagramme est "luire" ?Uriel
20%
Quelle était la nationalité du poète János Arany (1817-1882) ?hongroise
17%
Quel mot d'origine anglaise désigne un vêtement d'homme de cérémonie genre queue-de-pie ?frac
11%
Quel nom donne-t-on à "l'évolution d'animaux domestiques partiellement ou totalement vers l'état sauvage après avoir été abandonnés ou s'être échappés" ?marronnage
4%

Distribution des résultats

Percentile par nombre de réponses

% des personnes avec chaque résultat

Votre développement - résultats

Vous n’avez pas pris ce quiz